| 000 | 01292nam a2200277 i 4500 | ||
|---|---|---|---|
| 001 | 27207 | ||
| 003 | ES-MaACL | ||
| 005 | 20260326134053.0 | ||
| 007 | t| | ||
| 008 | 030113s1917 sp ||||1| spa d | ||
| 080 | _a94(4)"1914/18" | ||
| 100 | 1 |
_aAzaña, Manuel, _d1880-1940 _924223 |
|
| 245 | 1 | 4 |
_aLos motivos de la germanofilia _b: texto taquigráfico del discurso pronunciado por el Sr. Azaña en el Ateneo de Madrid (Sección de Ciencias Históricas), el 25 de mayo de 1917, al discutirse la actitud de España ante la guerra. |
| 260 |
_aMadrid : _b[s.n.], _c1917 ( _fImp. Helénica) |
||
| 300 |
_a72 p. ; _c19 cm. |
||
| 530 | _aDisponible en formato digital. | ||
| 610 | 2 | 4 |
_aAteneo de Madrid- _vConferencias- _y1900-1939 _91907 |
| 610 | 2 | 4 |
_aAteneo de Madrid- _vObras digitalizadas. _91930 |
| 650 | 4 |
_aGuerra mundial, 1914-1918. _913212 |
|
| 710 | 2 |
_aAteneo de Madrid. _bSección de Ciencias Históricas _91981 |
|
| 852 | 4 |
_aES-MaACL _j1485-F-10 _9 28237 _cDEPOF _zRevisión enlace: 25 Marzo 2025. |
|
| 856 | 4 |
_uhttp://www.ateneodemadrid.com/biblioteca_digital/folletos/Discursos-002.pdf _yBiblioteca Digital Ateneo de Madrid |
|
| 856 | 4 |
_uhttp://bdh-rd.bne.es/viewer.vm?id=0000256776&page=1 _yBiblioteca Digital Hispánica |
|
| 942 | _2udc | ||
| 999 |
_c27207 _d27207 |
||